| 000 | 01103nam a2200337 4500 | ||
|---|---|---|---|
| 001 | 59584 | ||
| 003 | SpMaBN | ||
| 005 | 20251023132603.0 | ||
| 007 | ta | ||
| 008 | 830318s1982 sp a 000 spa | ||
| 017 |
_aB 18257-1982 _bOficina Depósito Legal Barcelona |
||
| 020 | _a8426105033 | ||
| 040 |
_aIBH _bspa _cSpMaBN _erdc |
||
| 041 | 1 |
_aspa _hcat |
|
| 080 | _a087.5:849.9-34"19" | ||
| 100 | 1 |
_aObiols, Miquel _d1945-2024 _966002 |
|
| 240 | 1 | 1 | _a¡Ay, Filomena, Filomena! |
| 245 | 1 | 1 |
_a¡Ay, Filomena, Filomena! y otros cuentos _h[Texto impreso] _cMiquel Obiols ; [traducción del catalán de Aurora Díaz-Plaja ; ilustraciones de Lluis Mestres] |
| 250 | _a2ª ed. | ||
| 300 |
_a56 p. _bil. neg. y col. _c24 cm |
||
| 336 |
_2rdacontent _atexto _btxt |
||
| 337 |
_2rdamedia _asin mediación _bn |
||
| 338 |
_2rdacarrier _avolumen _bnc |
||
| 650 | _2LEMB | ||
| 700 | 1 |
_aDíaz-Plaja, Aurora _d1913-2003 _963387 |
|
| 700 | 1 |
_aMestres, Lluís _966003 |
|
| 942 |
_2ddc _cBK |
||
| 956 | _a2 | ||
| 980 |
_aSpMaBN _bBNALCALA _jDL/198498 _cCONSERVACI |
||
| 980 |
_aSpMaBN _bBNALCALA _jJ2/17035 _cSG_PETANTI |
||
| 999 |
_c59584 _d59584 |
||